000 00707nam a22002537a 4500
001 67509
003 UA-OsUOA
005 20200826141244.0
007 ta
008 20100226b un ||||| |||| 00| 0 ukr d
020 _a9789662031137
040 _aUA-OsUOA
_bukr
_cUA-OsUOA
_dUA-OsUOA
041 _aukr
080 _a821.161.2
090 _a821.161.2
_bТ88
100 _aТуркевич В.
245 _aПерст Демона
_bроман-есе
260 _aК.
_bЩек
_c2009
300 _a270 с.
_a271 с.
650 7 _a82 Література. Літературознавство
_2UDC
942 _cBK
_2udc
955 _a3
999 _c353711
_d353711